00675nam a2200241 a 4500001001300000003000900013005001700022008004100039020001000080082001300090100002200103245003300125260004200158300000800200500003500208505001300243650001200256700002200268902000800290942000700298952011300305999001500418nice12345678IN_TiNIC20260116012111.0050524s1963 edia grp 000 0 eng  ac10000a251bPHI aPhilibert, Michel aChrist`s Preachings and Ours aEdinburghbEdinburgh Universityc1963 a55p aincludes index and biblioraphy2 aAppendex aSermons1 aPhilibert, Michel bSRS cBK 001040708StackRoom-aHMIbHMId2007-07-09g100.00l0o251 PHIp08135r2007-07-09v100.00w2005-05-24yBK c5641d5641